<?xml version="1.0" encoding="UTF-8"?><?xml-stylesheet type="text/xsl" href="static/style.xsl"?><OAI-PMH xmlns="http://www.openarchives.org/OAI/2.0/" xmlns:xsi="http://www.w3.org/2001/XMLSchema-instance" xsi:schemaLocation="http://www.openarchives.org/OAI/2.0/ http://www.openarchives.org/OAI/2.0/OAI-PMH.xsd"><responseDate>2026-04-17T22:55:48Z</responseDate><request verb="GetRecord" identifier="oai:www.recercat.cat:2072/459296" metadataPrefix="marc">https://recercat.cat/oai/request</request><GetRecord><record><header><identifier>oai:recercat.cat:2072/459296</identifier><datestamp>2024-11-04T01:12:16Z</datestamp><setSpec>com_2072_98</setSpec><setSpec>col_2072_378192</setSpec></header><metadata><record xmlns="http://www.loc.gov/MARC21/slim" xmlns:dcterms="http://purl.org/dc/terms/" xmlns:xsi="http://www.w3.org/2001/XMLSchema-instance" xmlns:doc="http://www.lyncode.com/xoai" xsi:schemaLocation="http://www.loc.gov/MARC21/slim http://www.loc.gov/standards/marcxml/schema/MARC21slim.xsd">
   <leader>00925njm 22002777a 4500</leader>
   <datafield ind2=" " ind1=" " tag="042">
      <subfield code="a">dc</subfield>
   </datafield>
   <datafield ind2=" " ind1=" " tag="720">
      <subfield code="a">Temple, Déborah</subfield>
      <subfield code="e">author</subfield>
   </datafield>
   <datafield ind2=" " ind1=" " tag="720">
      <subfield code="a">Manteca Vilanova, Xavier</subfield>
      <subfield code="e">author</subfield>
   </datafield>
   <datafield ind2=" " ind1=" " tag="720">
      <subfield code="a">Escribano Tortosa, Damián</subfield>
      <subfield code="e">author</subfield>
   </datafield>
   <datafield ind2=" " ind1=" " tag="720">
      <subfield code="a">Salas, Marina</subfield>
      <subfield code="e">author</subfield>
   </datafield>
   <datafield ind2=" " ind1=" " tag="720">
      <subfield code="a">Mainau, Eva</subfield>
      <subfield code="e">author</subfield>
   </datafield>
   <datafield ind2=" " ind1=" " tag="720">
      <subfield code="a">Zschiesche, Eva</subfield>
      <subfield code="e">author</subfield>
   </datafield>
   <datafield ind2=" " ind1=" " tag="720">
      <subfield code="a">Petersen, Ivo</subfield>
      <subfield code="e">author</subfield>
   </datafield>
   <datafield ind2=" " ind1=" " tag="720">
      <subfield code="a">Dolz, Roser</subfield>
      <subfield code="e">author</subfield>
   </datafield>
   <datafield ind2=" " ind1=" " tag="720">
      <subfield code="a">Thomas, Emmanuel</subfield>
      <subfield code="e">author</subfield>
   </datafield>
   <datafield ind2=" " ind1=" " tag="260">
      <subfield code="c">2020</subfield>
   </datafield>
   <datafield ind2=" " ind1=" " tag="520">
      <subfield code="a">The poultry red mite (PRM), Dermanyssus gallinae, a potential vector of pathogens to animals and humans, causes impaired bird welfare. A study investigated changes in behavioural variables, physiological biomarkers, and health parameters following acaricidal treatment of PRM infestation of laying hens on a commercial farm. Mite traps determined the challenge to 12,700 hens before and after drinking water administration of the acaricide, fluralaner (Exzolt ®, 0.5 mg/kg; Weeks 0 and 1). Weekly daytime direct observations and night-time video recordings monitored bird behaviours from Weeks -6 through +6. Blood samples were collected from randomly-selected birds (Weeks -6, -1, and +6). Following treatment, mite count reductions (>99%) were statistically significant (P &lt; 0.0001), as were night-time reductions in the percent of hens showing activity, preening, head scratching (all P &lt; 0.0001), and head shaking (P = 0.0007). Significant daytime reductions were observed in preening and head scratching (both P &lt; 0.0001), head shaking (P = 0.0389), severe feather pecking (P = 0.0002), and aggressive behaviour (P = 0.0165). Post-treatment, comb wounds were significantly reduced (P = 0.0127), and comb colour was significantly improved (P &lt; 0.0001). Heterophil/lymphocyte ratio was significantly reduced at Weeks 1 and 6 (P = 0.0009 and P &lt; 0.0001, respectively). At Week 6, blood corticosterone (P = 0.0041) and total oxidant status (P &lt; 0.0001) were significantly reduced, and haemoglobin and mean corpuscular haemoglobin significantly increased (P &lt; 0.0001). Farm production records indicated that those post-treatment improvements were accompanied by significant reductions in weekly mortality rate (P = 0.0169), and significant recovery in mean weekly egg weights (P &lt; 0.0001) and laying rate (P &lt; 0.0001). The improvements in behavioural variables, physiological biomarkers, and health parameters that were observed following the elimination of PRM on a commercial farm indicate that infestations can be a cause of reduced hen welfare.</subfield>
   </datafield>
   <datafield ind1="8" ind2=" " tag="024">
      <subfield code="a">http://hdl.handle.net/2072/459296</subfield>
   </datafield>
   <datafield ind2="0" ind1="0" tag="245">
      <subfield code="a">Assessment of laying-bird welfare following acaricidal treatment of a commercial flock naturally infested with the poultry red mite (Dermanyssus gallinae)</subfield>
   </datafield>
</record></metadata></record></GetRecord></OAI-PMH>